[Event "4NCL 2019-20"]
[Site "Daventry"]
[Date "2020.02.29"]
[Round "1"]
[White "Delaney, Killian"]
[Black "O'Toole, George E"]
[Result "1/2-1/2"]
[WhiteElo "2287"]
[BlackElo "2252"]
[Annotator "ChessBase"]
[PlyCount "56"]
[EventDate "2020.01.11"]
[EventCountry "ENG"]
[SourceTitle "playchess.com"]
[Source "ChessBase"]
[SourceQuality "1"]
[TimeControl "40/6000:3000+30"]

1. c4 {[%emt 0:00:00]} Nf6 {[%emt 0:28:17]} 2. Nc3 {[%emt 0:00:00]} e6 {[%emt 0:00:59]} 3. Nf3 {[%emt 0:00:05]} d5 {[%emt 0:00:00]} 4. e3 {[%emt 0:02:38]} Be7 {[%emt 0:00:16]} 5. b3 {[%emt 0:00:00]} O-O {[%emt 0:00:00]} 6. Bb2 {[%emt 0:00:00]} b6 {[%emt 0:00:00]} 7. cxd5 {[%emt 0:00:33]} exd5 {[%emt 0:00:00]} 8. d4 {[%emt 0:00:00]} Bb7 {[%emt 0:00:17]} 9. Bd3 {[%emt 0:00:00]} Nbd7 {[%emt 0:04:42]} 10. O-O {[%emt 0:00:00]} Ne4 {[%emt 0:05:09]} 11. Qc2 {[%emt 0:08:53]} Ndf6 {[%emt 0:02:35]} 12. Ne5 {[%emt 0:00:11]} c5 {[%emt 0:00:38]} 13. f3 {[%emt 0:08:05]} cxd4 {[%emt 0:18:01]} 14. exd4 {[%emt 0:00:06]} Nxc3 {[%emt 0:00:00]} 15. Qxc3 {[%emt 0:00:24]} Rc8 {[%emt 0:00:00]} 16. Qd2 {[%emt 0:00:00]} Ne8 {[%emt 0:08:06]} 17. Bf5 {[%emt 0:01:29]} Rc7 {[%emt 0:00:10]} 18. Rac1 {[%emt 0:00:00]} Nd6 {[%emt 0:01:29]} 19. Rxc7 {[%emt 0:00:16]} Qxc7 {[%emt 0:00:00]} 20. Rc1 {[%emt 0:00:00]} Qd8 {[%emt 0:00:00]} 21. Bd3 {[%emt 0:23:05]} Bg5 {[%emt 0:02:34]} 22. f4 {[%emt 0:00:00]} Bf6 {[%emt 0:00:00]} 23. Qc2 {[%emt 0:00:00]} Ne4 {[%emt 0:06:42]} 24. Qc7 {[%emt 0:00:00]} Qa8 {[%emt 0:01:32]} 25. Rf1 {[%emt 0:17:25]} Qc8 {[%emt 0:01:09]} 26. Rc1 {[%emt 0:00:00]} Qa8 {[%emt 0:00:00]} 27. Qd7 {[%emt 0:07:29]} Bc8 {[%emt 0:04:33]} 28. Qc7 {[%emt 0:06:46]} Bb7 {[%emt 0:01:01]} 1/2-1/2

[Event "4NCL 2019-20"]
[Site "Daventry"]
[Date "2020.02.29"]
[Round "1"]
[White "Povah, Nigel E"]
[Black "Duncan, Chris R"]
[Result "1/2-1/2"]
[WhiteElo "2284"]
[BlackElo "2217"]
[Annotator "ChessBase"]
[PlyCount "52"]
[EventDate "2020.01.11"]
[EventCountry "ENG"]
[SourceTitle "playchess.com"]
[Source "ChessBase"]
[SourceQuality "1"]
[TimeControl "40/6000:3000+30"]

1. d4 {[%emt 0:00:00]} d5 {[%emt 0:00:01]} 2. Bf4 {[%emt 0:00:00]} c5 {[%emt 0:00:26]} 3. e3 {[%emt 0:00:00]} cxd4 {[%emt 0:00:00]} 4. exd4 {[%emt 0:00:00]} Nc6 {[%emt 0:00:00]} 5. c3 {[%emt 0:00:00]} Bf5 {[%emt 0:00:00]} 6. Nf3 {[%emt 0:00:56]} e6 {[%emt 0:00:00]} 7. Bd3 {[%emt 0:21:03]} Bxd3 {[%emt 0:06:05]} 8. Qxd3 {[%emt 0:00:00]} Bd6 {[%emt 0:00:00]} 9. Bg3 {[%emt 0:00:37]} Nge7 {[%emt 0:03:54]} 10. Nbd2 {[%emt 0:01:27]} Nf5 {[%emt 0:00:52]} 11. Bxd6 {[%emt 0:00:42]} Qxd6 {[%emt 0:00:02]} 12. O-O {[%emt 0:03:30]} O-O {[%emt 0:00:04]} 13. Rfe1 {[%emt 0:00:26]} Rfd8 {[%emt 0:04:49]} 14. a4 {[%emt 0:05:38]} Rab8 {[%emt 0:17:14]} 15. g3 {[%emt 0:09:34]} Qc7 {[%emt 0:04:25]} 16. h4 {[%emt 0:06:59]} Re8 {[%emt 0:04:23]} 17. Kg2 {[%emt 0:02:58]} Rbd8 {[%emt 0:01:55]} 18. Rac1 {[%emt 0:15:57]} Qd6 {[%emt 0:05:30]} 19. Ra1 {[%emt 0:04:42]} f6 {[%emt 0:02:52]} 20. Nb3 {[%emt 0:01:56]} Re7 {[%emt 0:03:42]} 21. Rad1 {[%emt 0:06:23]} Nh6 {[%emt 0:03:51]} 22. Re2 {[%emt 0:01:40]} Nf7 {[%emt 0:07:11]} 23. Red2 {[%emt 0:00:38]} Nh6 {[%emt 0:05:57]} 24. Re1 {[%emt 0:02:34]} Nf7 {[%emt 0:04:14]} 25. Red1 {[%emt 0:00:06]} Nh6 {[%emt 0:03:07]} 26. Re1 {[%emt 0:00:00]} Nf7 {[%emt 0:01:53]} 1/2-1/2

[Event "4NCL 2019-20"]
[Site "Daventry"]
[Date "2020.02.29"]
[Round "1"]
[White "Sowray, Peter J"]
[Black "Webster, Peter A N"]
[Result "1-0"]
[WhiteElo "2272"]
[BlackElo "1884"]
[Annotator "TA"]
[PlyCount "101"]
[EventDate "2020.01.11"]
[EventCountry "ENG"]
[SourceTitle "playchess.com"]
[Source "ChessBase"]
[SourceQuality "1"]

{[%evp 18,101,27,13,61,61,72,72,73,68,74,71,83,80,103,80,112,100,100,106,106,86,84,72,89,70,63,56,68,60,58,0,32,-39,-50,-35,-47,-57,128,132,130,93,104,57,93,27,168,53,277,265,293,139,174,176,172,139,179,115,116,110,104,70,60,52,122,121,150,115,166,167,383,370,388,338,330,319,1715,1665,1503,1496,1880,1787,2319,2400,1673,-2026]} 1. d4 e6 2. c4 Nf6 3. Nc3 Bb4 4. e3 c5 5. Bd3 Nc6 6. Nf3 Bxc3+ 7. bxc3 d6 8. e4 e5 9. d5 Ne7 10. Nd2 h5 {E41: Nimzo-Indian: Rubinstein: 4...c5 5 Bd3, including Hübner Variation.} 11. h4 {[#]} Bg4 $146 ({Predecessor:} 11... Qa5 12. Qc2 Bd7 13. a4 Ng4 14. g3 Qc7 15. Nf1 O-O-O 16. a5 Kb8 17. f3 Nh6 18. Be3 {0-1 (30) Becker,M (2380)-Atalik,S (2564) Paracin 2016}) 12. f3 Bd7 {White is better.} 13. Rb1 Rb8 14. Nf1 a6 15. Ne3 Qc8 16. g3 g6 17. Rb6 Qc7 18. Rb2 $1 b5 19. Bd2 O-O 20. Qe2 bxc4 21. Rxb8 Rxb8 22. Nxc4 Bb5 23. O-O Nc8 24. f4 (24. Ne3 $14) 24... Ng4 25. fxe5 (25. Ne3 $14 Bxd3 26. Qxd3) 25... dxe5 $15 26. Ne3 $1 {[%cal Re3g4]} Nxe3 27. Bxe3 {aiming for c4.} Nd6 $2 (27... Bxd3 $15 {stays ahead.} 28. Qxd3 Nd6) 28. c4 $36 {[%mdl 2048] White has strong initiative.} Bd7 29. Qf2 Bh3 30. Re1 {Hoping for Kh2.} f5 $1 31. exf5 (31. Bxc5 $16 Nxe4 32. Bxe4 fxe4 33. Kh2 (33. Rxe4 Bf5 $11)) 31... e4 {[#]} (31... Bxf5 $11 32. Bxf5 gxf5) 32. Be2 (32. Bf1 $1 $18 {[%cal Rf1h3]} Bxf1 33. Qxf1 (33. Rxf1 Rf8 $16)) 32... Rf8 $2 ({Black should play} 32... Qa5 $1 $14) 33. f6 $18 Ne8 34. Bf4 (34. Bxc5 $18 {has better winning chances.} Rf7 35. Bb6) 34... Qa5 {[#]} 35. Bf1 $1 {[%cal Rf1h3]} Bf5 36. Be5 Qb6 37. Qb2 (37. Re3 $18 {And now Rb3 would win.} Nxf6 38. Rb3) 37... Qxb2 $16 38. Bxb2 Nxf6 39. Bxf6 Rxf6 {[%mdl 4096] Endgame KRB-KRB} 40. Bg2 Rb6 (40... Rf8 $14) 41. Bxe4 Bxe4 42. Rxe4 {KR-KR} Rb1+ (42... Kf7 $16) 43. Kf2 $18 Rb2+ $2 (43... Kf7 44. a4 a5) 44. Re2 Rb6 45. Ke3 Kf7 46. Ke4 Rb8 $2 (46... Ke7 47. Ke5 Rb1 48. Kf4+ Kf7) 47. Rf2+ {White is clearly winning.} Ke7 48. Ke5 Rb6 {[#]} 49. d6+ $1 {[%mdl 512]} Kd7 (49... Rxd6 50. Rf7+) 50. Rf7+ Ke8 51. Ke4 $4 {[%mdl 40960] Quite a comeback for Black. Accuracy: White = 60%, Black = 51%. . Sensor Board Error (Ke4/e5)?} (51. Re7+ $18 Kf8 52. Rh7) 1-0

[Event "4NCL 2019-20"]
[Site "Daventry"]
[Date "2020.02.29"]
[Round "1"]
[White "Lund, D Brett"]
[Black "Tan, Justin"]
[Result "1/2-1/2"]
[WhiteElo "2265"]
[BlackElo "2511"]
[Annotator "TA"]
[PlyCount "99"]
[EventDate "2020.01.11"]
[EventCountry "ENG"]
[SourceTitle "playchess.com"]
[Source "ChessBase"]
[SourceQuality "1"]

{[%evp 17,99,8,26,29,25,29,50,49,51,58,92,88,92,103,102,102,112,110,127,124,125,118,117,116,132,139,133,133,149,160,221,214,271,278,282,257,312,292,307,195,188,58,58,25,25,29,34,33,35,35,22,10,23,8,39,39,40,44,71,0,0,2,85,0,14,0,70,42,30,31,50,14,16,14,14,0,0,0,0,0,0,0,4,0]} 1. c4 c5 2. g3 Nc6 3. Bg2 g6 4. Nc3 Bg7 5. e4 d6 6. Nge2 Nf6 7. O-O O-O 8. d3 Bd7 9. h3 Qc8 10. Kh2 {A36: Symmetrical English vs ...g6: 4 Bg2 Bg7.} Ne8 11. Be3 Nc7 12. d4 {White is slightly better.} cxd4 13. Nxd4 Ne6 {[%cal Rc6d4]} 14. Nde2 Nc5 {[#]} 15. b3 $146 ({Predecessor:} 15. f4 Rb8 16. Rb1 Na5 17. Nd5 Re8 18. Bd4 Bxd4 19. Nxd4 Nxc4 20. f5 Bc6 21. Qc1 Nb6 22. Qh6 Bxd5 23. exd5 Rf8 24. b4 {1-0 (24) Spanton,T (2260)-Wakeham,M (2130) ICCF email 2018}) 15... Kh8 16. f4 b6 17. Qd2 f5 18. exf5 gxf5 19. Rad1 Qe8 20. Nd4 Rd8 21. Rfe1 Nb4 22. Ndb5 {aiming for Nxd6!} Qf7 23. Bd4 Rg8 (23... Nc6 $16 {is a better defense.}) 24. Nd5 $18 (24. Nxa7 $6 Bxd4 25. Qxd4+ e5 $16) 24... Nxd5 25. Bxd5 e6 {Hoping for ...Bxb5.} 26. Nxd6 {[%cal Rd6f7]} Qg6 27. Bg2 e5 28. Rxe5 ({Not} 28. Bxe5 Bxe5 29. Rxe5 (29. fxe5 Qxg3+ 30. Kh1 Rdf8 $11) 29... Qxg3+ 30. Kg1 Qg7 $16) 28... Qxd6 {[#]} 29. Rd5 (29. Rxc5 $1 $18 {[%mdl 512] White threatens Bxg7+ and mate.} Qxd4 (29... bxc5 30. Bxg7+) 30. Rd5 (30. Qxd4 Bxd4 31. Rd5 Bf2 $16) 30... Qxd2 31. R5xd2) 29... Qg6 $14 30. Bxc5 (30. Rd6 $5 Ne6 31. Bf2 $14) 30... bxc5 31. Rxd7 Bd4 32. Rxd8 Qxg3+ 33. Kh1 Rxd8 34. Qd3 $36 {[%mdl 2048] White has the initiative.} Qg6 35. Re1 Qf6 36. Bd5 Qh4 37. Rf1 Rf8 38. Qf3 (38. b4 $16) 38... Re8 $11 39. Qg2 h5 {[#]} (39... Qh5 $11 {remains equal.}) 40. Bf7 ({White should try} 40. Kh2 $1 $16) 40... Rf8 $1 {[%cal Rf8f7]} 41. Be6 Be3 (41... Kh7 $11) 42. Qf3 Bd4 43. Kh2 Kh7 44. Qg3 Qf6 {The position is equal.} 45. Re1 {Black must now prevent h4.} h4 $1 {[%cal Rh4g3]} 46. Qf3 {Qh5+ is the strong threat.} Qg6 47. Qg2 Qh6 48. Qf3 Qg6 49. Qg2 Qh6 50. Qf3 {Blacks defense is rewarded with a draw. Accuracy: White = 73%, Black = 77%.} 1/2-1/2

[Event "4NCL 2019-20"]
[Site "Daventry"]
[Date "2020.02.29"]
[Round "1"]
[White "Navarro Cia, Miguel"]
[Black "Kanyamarala, Trisha"]
[Result "1/2-1/2"]
[WhiteElo "2256"]
[BlackElo "2299"]
[Annotator "ChessBase"]
[PlyCount "51"]
[EventDate "2020.01.11"]
[EventCountry "ENG"]
[SourceTitle "playchess.com"]
[Source "ChessBase"]
[SourceQuality "1"]
[TimeControl "40/6000:3000+30"]

1. e4 {[%emt 0:00:00]} c5 {[%emt 0:00:00]} 2. Nf3 {[%emt 0:00:00]} d6 {[%emt 0:00:00]} 3. d4 {[%emt 0:00:00]} cxd4 {[%emt 0:00:00]} 4. Nxd4 {[%emt 0:00:00]} Nf6 {[%emt 0:00:00]} 5. Nc3 {[%emt 0:00:00]} Nc6 {[%emt 0:00:00]} 6. Bg5 {[%emt 0:00:08]} e6 {[%emt 0:00:00]} 7. Qd2 {[%emt 0:00:00]} a6 {[%emt 0:00:00]} 8. O-O-O {[%emt 0:00:00]} Bd7 {[%emt 0:00:00]} 9. f3 {[%emt 0:00:00]} Be7 {[%emt 0:00:00]} 10. h4 {[%emt 0:01:15]} h6 {[%emt 0:00:00]} 11. Be3 {[%emt 0:00:00]} h5 {[%emt 0:00:29]} 12. Bg5 {[%emt 0:00:00]} Qc7 {[%emt 0:02:45]} 13. Kb1 {[%emt 0:05:09]} Nxd4 {[%emt 0:09:44]} 14. Qxd4 {[%emt 0:00:00]} b5 {[%emt 0:03:58]} 15. Bd3 {[%emt 0:13:51]} b4 {[%emt 0:07:03]} 16. Ne2 {[%emt 0:05:48]} a5 {[%emt 0:04:09]} 17. Rhe1 {[%emt 0:11:45]} Rb8 {[%emt 0:03:48]} 18. Qf2 {[%emt 0:18:15]} a4 {[%emt 0:04:20]} 19. Qg3 {[%emt 0:13:15]} Qc5 {[%emt 0:17:43]} 20. Bd2 {[%emt 0:06:18]} g6 {[%emt 0:06:00]} 21. c4 {[%emt 0:01:44]} bxc3 {[%emt 0:11:10]} 22. Bxc3 {[%emt 0:00:00]} e5 {[%emt 0:00:00]} 23. Rc1 {[%emt 0:04:36]} Qb6 {[%emt 0:15:47]} 24. f4 {[%emt 0:05:06]} Ng4 {[%emt 0:00:00]} 25. Bc4 {[%emt 0:00:00]} O-O {[%emt 0:03:36]} 26. Bd5 {[%emt 0:00:00]} 1/2-1/2

[Event "4NCL 2019-20"]
[Site "Daventry"]
[Date "2020.02.29"]
[Round "1"]
[White "Abbas, Daniel"]
[Black "Palliser, Richard J D"]
[Result "0-1"]
[WhiteElo "2251"]
[BlackElo "2399"]
[Annotator "TA"]
[PlyCount "64"]
[EventDate "2020.01.11"]
[EventCountry "ENG"]
[SourceTitle "playchess.com"]
[Source "ChessBase"]
[SourceQuality "1"]

{[%evp 27,64,14,14,7,4,6,27,0,0,0,0,0,0,-22,43,6,64,22,18,0,3,-6,97,96,100,-112,-21,-16,-21,-21,-29,-145,-149,-370,-367,-388,-367,-480,-475]} 1. e4 c5 2. Nf3 d6 3. Bb5+ Bd7 4. Bxd7+ Qxd7 5. O-O Nf6 6. Qe2 Nc6 7. c3 e6 8. d4 cxd4 9. cxd4 d5 10. e5 Ne4 11. Be3 Be7 12. Ne1 f6 13. Nd3 O-O 14. f3 Ng5 15. Nd2 {B52: Sicilian: Moscow Variation with 3...Bd7.} Rac8 16. Rac1 b6 17. Rfd1 {White has an edge.} fxe5 18. dxe5 Nf7 19. f4 Nh6 {[#]} 20. Kh1 $146 ({Predecessor:} 20. Nb3 Nf5 21. Bf2 Qb7 22. Rc3 Nb4 23. Rxc8 Rxc8 24. g4 Nxd3 25. Rxd3 Nh6 26. h3 {1-0 (62) Pavlovic,M (2530)-Konguvel,P (2319) Biel 2012}) 20... d4 (20... Nf5 $11) 21. Bf2 Qd5 (21... Nb4 $11) 22. Qe4 Ng4 {Threatens to win with ...Ncxe5!} 23. Qxd5 exd5 24. Kg1 Nb4 (24... Ne3 $11 25. Bxe3 dxe3) 25. Rxc8 $16 Rxc8 26. Rc1 $2 {[#]} (26. Nxb4 $16 {keeps the pressure on.} Bxb4 27. Nb3) 26... Rf8 (26... Rc3 $1 $17 {[%mdl 512]} 27. bxc3 Nxd3) 27. Nxb4 $11 Bxb4 28. Nf3 {a3 is the strong threat.} d3 {aiming for ...d2.} 29. g3 {[#]} (29. Rd1 $11 {remains equal.}) 29... d2 $1 $36 {[%cal Rd2c1][%mdl 2048] Black is really pushing.} 30. Rd1 $2 {[#]} (30. Nxd2 $17 Bxd2 31. Rd1) 30... Rc8 $1 $19 {[%cal Rc8c1] And now ...Rc1 would win.} 31. Nxd2 Rc2 $1 {[%csl LRb2,LRd2][%mdl 64] Double Attack} 32. Be1 Ne3 {Accuracy: White = 42%, Black = 66%.} 0-1

[Event "4NCL 2019-20"]
[Site "Daventry"]
[Date "2020.02.29"]
[Round "1"]
[White "Tanmay Chopra"]
[Black "Turner, Matthew J"]
[Result "1/2-1/2"]
[WhiteElo "2249"]
[BlackElo "2521"]
[Annotator "TA"]
[PlyCount "103"]
[EventDate "2020.01.11"]
[EventCountry "ENG"]
[SourceTitle "playchess.com"]
[Source "ChessBase"]
[SourceQuality "1"]

{[%evp 17,103,22,18,20,24,6,13,0,0,0,10,4,15,14,26,14,14,14,14,13,19,14,25,9,20,5,12,0,0,0,0,0,0,0,0,0,0,0,0,0,0,0,0,0,0,0,0,0,0,0,0,0,0,0,0,0,0,0,0,0,0,0,0,-1,-1,-7,-7,-7,-7,-7,0,0,0,0,0,0,0,0,0,0,0,0,0,0,0,0,0,0]} 1. d4 d5 2. c4 c6 3. cxd5 cxd5 4. Bf4 Nc6 5. e3 Nf6 6. Nc3 a6 7. Bd3 Bg4 8. Nge2 e6 9. O-O Bd6 10. Bxd6 {D10: Slav Defence: 3 cxd5 (without early Nf3) and 3 Nc3.} Qxd6 11. Qd2 Bxe2 12. Qxe2 O-O 13. Rac1 Rac8 14. Na4 Nd7 (14... e5 {keeps more tension.} 15. Nc5 Rc7 16. dxe5 Nxe5 17. Nb3 Nc6) 15. Qd2 Qb4 16. Qxb4 Nxb4 17. Bb1 b5 18. Nc3 Nb6 19. b3 g6 20. Ne2 Kg7 {The position is equal.} 21. Rxc8 Rxc8 22. Rc1 Rxc1+ 23. Nxc1 $11 {[%mdl 4096] Endgame KBN-KNN} Kf6 24. f4 Ke7 25. Nd3 Nxd3 26. Bxd3 {KB-KN} Nc8 27. Kf2 Nd6 28. Ke2 a5 29. g4 f6 30. h4 b4 31. g5 Kf7 32. Kf3 Kg7 33. Kg3 h6 34. gxf6+ Kxf6 35. Kg4 $1 Nf7 36. Bf1 g5 37. hxg5+ hxg5 38. fxg5+ Nxg5 39. Bd3 Nf7 $1 40. Kf3 e5 {[#] ...e4+ is the strong threat.} 41. Ba6 Ng5+ 42. Ke2 $1 Ne4 43. Kd3 Ke6 44. Bc8+ Kf6 45. Bb7 Nc3 46. a4 e4+ 47. Kd2 Kg5 48. Ke1 $1 Kh4 {next ...Kg3 is good for Black.} 49. Kf2 $1 Kg4 50. Bc8+ Kg5 51. Bb7 Kf5 52. Ke1 {Not much happened in this game. Accuracy: White = 100%, Black = 100%.} 1/2-1/2

[Event "4NCL 2019-20"]
[Site "Daventry"]
[Date "2020.02.29"]
[Round "1"]
[White "Carleton, John J"]
[Black "Greet, Andrew N"]
[Result "0-1"]
[WhiteElo "2238"]
[BlackElo "2425"]
[Annotator "TA"]
[PlyCount "76"]
[EventDate "2020.01.11"]
[EventCountry "ENG"]
[SourceTitle "playchess.com"]
[Source "ChessBase"]
[SourceQuality "1"]

{[%evp 17,76,14,24,14,15,15,3,0,0,0,0,-14,-10,-19,-12,-15,-19,-22,-20,-24,-12,-29,-20,-28,0,-4,-4,-8,0,0,0,-12,0,0,0,0,0,0,0,-16,-22,-35,0,-35,-35,-35,-35,-35,-39,-44,-48,-38,-13,-648,-624,-29978,-29979,-29979,-29980,-29977,-29978]} 1. d4 Nf6 2. Nf3 e6 3. c4 b6 4. g3 Ba6 5. b3 b5 6. cxb5 Bxb5 7. Bg2 Bb4+ 8. Bd2 a5 9. O-O O-O 10. Nc3 {E15: Queen's Indian: 4 g3 sidelines, 4 g3 Ba6 and 4 g3 Bb7 early deviations.} Ba6 11. Re1 d5 12. a3 {The position is equal.} Be7 13. Ne5 Nfd7 14. Nxd7 Nxd7 15. e4 dxe4 {[#]} 16. Nxe4 $146 ({Predecessor:} 16. Bxe4 Rb8 17. Na4 Nf6 18. Bf3 Qxd4 19. Bxa5 Qxd1 20. Bxd1 {0-1 (62) Bacrot,E (2717)-Anand,V (2792) Wijk aan Zee 2006}) 16... Bb7 17. Qc2 Bd5 18. b4 axb4 19. axb4 c6 20. Nc5 {Rxa8 is the strong threat.} Nb6 21. Bf1 Bf6 22. Be3 Rxa1 23. Rxa1 Bf3 24. Qd2 Qd5 25. Ra6 Nc4 26. Qd3 Nxe3 27. fxe3 h5 28. Ra7 {And now Rd7 would win.} h4 29. Nd7 hxg3 (29... Rd8 $5 {[%cal Rd8d7]} 30. Nxf6+ gxf6 $15) 30. hxg3 (30. Nxf8 $5 {[%cal Rd3h7]} gxh2+ 31. Kxh2 $11) 30... Rd8 31. Nxf6+ gxf6 32. Ra5 {[#]} Qd6 $1 $40 {[%mdl 704] Double Attack. Black mounts an attack.} 33. Kf2 Qxb4 34. Qa3 Qb1 35. Qe7 $2 {[%mdl 8192] White does not recover from this.} (35. Qd3 $11 Qb4 36. Qa3 Qxa3 37. Rxa3) 35... Rb8 $19 36. g4 Rb2+ {Black mates.} 37. Kg3 Qe1+ {[%mdl 64] [#] Double Attack} 38. Kf4 Qxa5 {Accuracy: White = 78%, Black = 91%.} 0-1

[Event "4NCL 2019-20"]
[Site "Daventry"]
[Date "2020.02.29"]
[Round "1"]
[White "Holland, James P"]
[Black "O'Donnell, Conor"]
[Result "1/2-1/2"]
[WhiteElo "2228"]
[BlackElo "2307"]
[Annotator "TA"]
[PlyCount "147"]
[EventDate "2020.01.11"]
[EventCountry "ENG"]
[SourceTitle "playchess.com"]
[Source "ChessBase"]
[SourceQuality "1"]

{[%evp 9,147,46,39,32,36,31,43,36,31,26,20,5,15,-29,-24,-25,-15,-29,0,-5,0,0,0,0,14,-24,-23,-29,31,0,0,0,41,40,45,0,0,-7,22,0,46,21,18,0,0,0,81,31,31,31,54,57,60,71,66,66,70,66,74,37,104,91,86,60,157,153,147,137,139,48,49,0,0,0,0,0,0,0,0,0,0,0,0,0,52,52,150,52,52,52,52,52,52,62,55,56,260,-63,0,0,0,0,0,-8150,-11691,-7002,-29951,-29946,-12616,-8215,-7468,-7468,-8309,-5343,-3905,-29972,0,0,0,0,0,0,0,0,0,0,0,0,0,0,0,0,0,0,0,0,0,0,0,0]} 1. e4 e5 2. Nf3 Nc6 3. Bb5 g6 4. c3 Bg7 5. d4 exd4 6. cxd4 {C60: Ruy Lopez: Unusual Black 3rd moves and 3...g6.} a6 7. Ba4 b5 8. Bb3 {White is slightly better.} Nge7 9. Bg5 Na5 10. Nc3 {Black must now prevent Nd5.} h6 11. Bh4 Nxb3 12. Qxb3 {[#]} O-O $146 ({Predecessor:} 12... g5 13. Bg3 O-O 14. O-O g4 15. Nd2 Bxd4 16. Nd5 c6 17. Bc7 Qe8 18. Nf4 Kh8 {0-1 (35) Hlavac,R (2095)-Roeder,G (2212) Bayern 2006}) 13. O-O d6 14. Rfe1 Be6 15. d5 $36 {[%mdl 2048] White has the initiative.} Bg4 16. Nd2 g5 17. Bg3 f5 {...f4 is the strong threat.} 18. f3 f4 (18... Bh5 $11) 19. Bf2 (19. Bxf4 $5 Bxf3 20. Bxg5 Bxg2 21. Bh4 $11 (21. Bxe7 $2 Qxe7 22. Re2 Bf3 $19)) 19... Bd7 20. e5 Nf5 21. e6 Be8 22. g4 ({Better is} 22. Nde4 $14) 22... fxg3 $1 $11 23. hxg3 Qe7 24. Kg2 Nd4 25. Bxd4 $1 Bxd4 26. Qb4 Bc5 27. Qe4 Kg7 (27... Qg7 $11) 28. Nb3 Bg6 29. Qe2 Bb6 30. Rad1 Rf5 31. Nd4 Bxd4 32. Rxd4 Raf8 33. Rf1 h5 34. a3 Re5 (34... Qf6 $14 35. Re4 h4) 35. Qd2 $16 Ref5 36. Qe3 g4 (36... Re5 $14 37. Qd2 Ref5) 37. f4 h4 38. Rh1 Rh5 39. Rdd1 ({White should try} 39. Rd2 $16) 39... Rfh8 $1 $14 40. gxh4 Rxh4 41. Qg3 Bf5 42. Rxh4 Rxh4 43. Rh1 Rxh1 44. Kxh1 Qf6 45. Qe3 Qh4+ 46. Kg2 Qh3+ (46... Qh7 $11) 47. Qxh3 gxh3+ {[%mdl 4096] Endgame KB-KN} 48. Kg3 (48. Kh2 $1 $16) 48... Kf6 49. Nd1 Be4 50. Ne3 $1 {Strongly threatening f5.} c6 51. dxc6 Bxc6 52. f5 Be4 $2 (52... Ke5 $14) 53. Kf4 $2 (53. Kxh3 $18 d5 54. Ng4+ Ke7 55. Nh6) 53... Bxf5 (53... Ke7 $1 $15 54. Ng4 (54. Kxe4 $2 h2 $19) 54... Bc2) 54. Nxf5 $11 {Threatens to win with e7.} Kxe6 $15 {KN-KP} 55. Ng3 Kd5 56. b4 $2 {[%mdl 8192]} (56. Kg4 $11) 56... Kc4 $19 57. Kg4 h2 58. Kh3 Kb3 59. Kxh2 Kxa3 {KN-K3P} 60. Kg2 Kxb4 61. Kf2 Kc3 62. Ne4+ {[#]} Kc2 $2 (62... Kd3 $1 {mates} 63. Kf3 b4 64. Nf2+ Kc2 65. Ng4 b3 66. Ne3+ Kc1 67. Nc4 b2 68. Nxd6 b1=Q 69. Kf4 Qb4+ 70. Ne4 a5 71. Ke5 a4 72. Nf6 a3 73. Nd5 {[#]} Qb5 $1 {[%mdl 512]} 74. Ke6 Qc6+ 75. Kf5 Qxd5+ 76. Kf4 a2 77. Kg3 a1=Q 78. Kf4 Qf6+ 79. Kg3 Qff3+ 80. Kh4 Qdh5#) 63. Nxd6 $11 {KN-KPP. The position is equal.} b4 {[%cal Bb5b4,Bb4b3][%mdl 32]} 64. Ke3 $1 a5 65. Kd4 Kb3 66. Nb7 a4 67. Nc5+ Ka3 68. Nd3 b3 {Hoping for ...b2.} 69. Kc3 Ka2 70. Nc1+ Ka3 71. Nd3 Ka2 72. Nc1+ Kb1 73. Nxb3 axb3 74. Kxb3 {White used his chance. Accuracy: White = 70%, Black = 75%.} 1/2-1/2

[Event "4NCL 2019-20"]
[Site "Daventry"]
[Date "2020.02.29"]
[Round "1"]
[White "Dong, Bao Nghia"]
[Black "Ashworth, Michael"]
[Result "1/2-1/2"]
[WhiteElo "2209"]
[BlackElo "2007"]
[Annotator "ChessBase"]
[PlyCount "87"]
[EventDate "2020.01.11"]
[EventCountry "ENG"]
[SourceTitle "playchess.com"]
[Source "ChessBase"]
[SourceQuality "1"]
[TimeControl "40/6000:3000+30"]

1. d4 {[%emt 0:00:30]} Nf6 {[%emt 0:00:00]} 2. Bf4 {[%emt 0:00:00]} g6 {[%emt 0:00:00]} 3. e3 {[%emt 0:00:00]} Bg7 {[%emt 0:00:00]} 4. h3 {[%emt 0:00:00]} O-O {[%emt 0:00:00]} 5. Nf3 {[%emt 0:00:00]} d6 {[%emt 0:00:00]} 6. Bc4 {[%emt 0:00:00]} Nbd7 {[%emt 0:00:00]} 7. O-O {[%emt 0:00:00]} c5 {[%emt 0:00:00]} 8. c3 {[%emt 0:00:00]} b6 {[%emt 0:01:12]} 9. a4 {[%emt 0:00:00]} a6 {[%emt 0:00:00]} 10. Nbd2 {[%emt 0:00:00]} Bb7 {[%emt 0:00:00]} 11. Bh2 {[%emt 0:00:00]} Ra7 {[%emt 0:07:52]} 12. b4 {[%emt 0:00:00]} Qa8 {[%emt 0:03:24]} 13. Qb3 {[%emt 0:00:00]} Bd5 {[%emt 0:09:10]} 14. Bxd5 {[%emt 0:00:23]} Qxd5 {[%emt 0:00:00]} 15. c4 {[%emt 0:00:00]} Qa8 {[%emt 0:01:06]} 16. Rfb1 {[%emt 0:00:53]} Ne4 {[%emt 0:07:10]} 17. Nxe4 {[%emt 0:05:26]} Qxe4 {[%emt 0:00:00]} 18. a5 {[%emt 0:00:00]} Rb8 {[%emt 0:11:48]} 19. Nd2 {[%emt 0:04:22]} Qa8 {[%emt 0:00:45]} 20. Qd3 {[%emt 0:04:48]} cxd4 {[%emt 0:17:23]} 21. exd4 {[%emt 0:00:00]} b5 {[%emt 0:00:00]} 22. c5 {[%emt 0:00:00]} Qd5 {[%emt 0:00:26]} 23. Ra3 {[%emt 0:04:58]} Qxd4 {[%emt 0:04:50]} 24. Qxd4 {[%emt 0:00:26]} Bxd4 {[%emt 0:00:00]} 25. cxd6 {[%emt 0:00:00]} exd6 {[%emt 0:00:00]} 26. Rd3 {[%emt 0:00:00]} Be5 {[%emt 0:01:03]} 27. f4 {[%emt 0:01:12]} Bg7 {[%emt 0:01:23]} 28. Rxd6 {[%emt 0:00:00]} Rc8 {[%emt 0:01:01]} 29. f5 {[%emt 0:00:54]} Bf8 {[%emt 0:06:33]} 30. Rd5 {[%emt 0:03:05]} Nf6 {[%emt 0:02:26]} 31. Rd4 {[%emt 0:00:00]} Rd7 {[%emt 0:00:30]} 32. Rxd7 {[%emt 0:02:02]} Nxd7 {[%emt 0:00:00]} 33. fxg6 {[%emt 0:00:00]} fxg6 {[%emt 0:00:00]} 34. Nf3 {[%emt 0:00:00]} Nf6 {[%emt 0:07:47]} 35. Bg3 {[%emt 0:01:42]} Nd5 {[%emt 0:00:58]} 36. Be1 {[%emt 0:00:00]} Rc4 {[%emt 0:00:47]} 37. Ne5 {[%emt 0:00:00]} Rd4 {[%emt 0:05:25]} 38. Nc6 {[%emt 0:00:00]} Re4 {[%emt 0:00:16]} 39. Rd1 {[%emt 0:03:14]} Nxb4 {[%emt 0:01:12]} 40. Bxb4 {[%emt 0:05:22]} Bxb4 {[%emt 0:00:00]} 41. Nxb4 {[%emt 0:50:03]} Rxb4 {[%emt 0:49:46]} 42. Rd6 {[%emt 0:00:02]} Ra4 {[%emt 0:01:15]} 43. Rxa6 {[%emt 0:00:07]} b4 {[%emt 0:00:05]} 44. Rb6 {[%emt 0:03:39]} 1/2-1/2